CHP tüzük taslağı çalışma defteri (Record no. 4637)

MARC details
000 -BAŞLIK
Sabit Uzunlukta Kontrol Alanı 01245na a2200373 4500
999 ## - SİSTEM KONTROL NUMARALARI (KOHA)
Koha Biblionumber 4637
Koha Biblioitemnumber 4637
001 - KONTROL NUMARASI
Denetim Alanı 20192
003 - KONTROL NUMARASI IDENTIFIER
Denetim Alanı MIRAKIL
005 - SON İŞLEM TARİHİ VE ZAMANI
Denetim Alanı 20210323173407.0
008 - SABİT-BOY VERİ ELEMANLARI - GENEL BİLGİLER
Sabit Uzunlukta Kontrol Alanı 170118b tu 000 0
035 ## - SİSTEM KONTROL NUMARASI
Sistem Kontrol Numarası 20192
040 ## - KATALOGLAMA KAYNAK
Orijinal Kataloglama Ajansı Milas
Kataloglama Dili tur
Metne Dönüştürmek Ajansı TR-AnCHP
041 ## - DİL KODU
Metin / Ses Parça Veya Ayrı Başlığın Dil Kodu tur
082 ## - DEWEY ONLU SINIFLANDIRMA NUMARASI
Sınıflandırma Numarası CHP 324.2372
Ürün Numarası C36t 2000
090 ## - SINIFLAMA NUMARASI
Sınıflama Numarası BROŞÜR 370
110 ## - ANA GİRİŞ - KURUMSAL ADI
Giriş Elemanı Olarak Kurumsal Ad Veya Yargı Alanı Adı Cumhuriyet Halk Partisi (CHP)
Alt Birim Genel Sekreterlik
222 ## - ANAHTAR ADI
Anahtar Başlık Tüzükler
245 ## - BAŞLIK TABLOSU
Başlık CHP tüzük taslağı çalışma defteri
Başlığın Kalan İlkeler ve kurallar
-- [2000]
Sorumluluk Tablosu, Vb CHP Genel Sekreterlik
246 ## - UNVAN FORM VARYING
Başlık Doğru / Kısa Başlığı CHP 2000 tüzük taslağı
246 ## - UNVAN FORM VARYING
Başlık Doğru / Kısa Başlığı Cumhuriyet Halk Partisi tüzüğü
246 ## - UNVAN FORM VARYING
Başlık Doğru / Kısa Başlığı CHP tüzüğü
260 ## - YAYIN, DAĞITIM, VB
Yayın, Dağıtım, Vb Yeri Ankara
Yayıncı, Dağıtıcı, Vs Adı CHP
Yayın, Dağıtım, Vb Tarihi 2000
300 ## - FİZİKSEL TANIM
Kapsam 22 s.
Boyutlar 20 sm.
440 ## - SERİSİ TABLOSU / KATMA GİRİŞİ - BAŞLIK
Başlık Cumhuriyet Halk Partisi Genel Sekreterliği tüzük taslakları
490 ## - SERİSİ TABLOSU
Seri Beyanı GS
Hacim / Ardışık Tanımı 1
500 ## - GENEL NOT
Genel Not Kütüphaneciden çevrimdışı versiyonu sağlanabilir.
610 ## - KONU KATMA GİRİŞ - TOPLANTI ADI
Giriş Elemanı Olarak Kurumsal Ad Veya Yargı Alanı Adı Cumhuriyet Halk Partisi Genel Sekreterliği (CHP GS)
Genel Alt Bölüm Tüzükler, 2000
Kronolojik Alt Bölüm Taslaklar
610 ## - KONU KATMA GİRİŞ - TOPLANTI ADI
Giriş Elemanı Olarak Kurumsal Ad Veya Yargı Alanı Adı Cumhuriyet Halk Partisi (CHP)
Genel Alt Bölüm Tüzükler, 2000
Kronolojik Alt Bölüm Taslaklar
651 ## - KONU KATMA GİRİŞ - COĞRAFİ ADI
Coğrafi İsim Türkiye
Genel Alt Bölümü Siyaset ve yönetim
Kronolojik Alt Bölümü 2000-2002
830 ## - SERİSİ EKLENDİ GİRİŞ - ÜNİFORM ADI
Üniforma Başlık CHP tüzükleri
942 ## - EKLENDİ GİRİŞ ELEMANLARI (KOHA)
Sınıflandırma Veya Raf Düzeni Kaynak Dewey Decimal Classification
Koha Öğesi Türü Books
999 ## - SİSTEM KONTROL NUMARALARI (KOHA)
Koha Biblioitemnumber 4637
999 ## - SİSTEM KONTROL NUMARALARI (KOHA)
Koha Biblioitemnumber 4637
Holdings
Kalıcı Konum Mevcut Konum Edinme Tarihi Edinim Kaynak Toplam Check-Out'Lar Tam Çağrı Numarası Barkod Tarih Son Görülme Kopya Sayısı İtibaren Geçerli Fiyatlar Sigara Kamu Notu Koha Öğesi Türü
CHP Kütüphanesi CHP Kütüphanesi 01/11/2017 Bağış   BROŞÜR 370 011438 01/11/2017 k.13 01/11/2017 Özgün çalışma defteri Visual Material